000 00737nam a2200241 i 4500
003 DO-SdBNP
005 20240813093018.0
007 ta
008 240813b1984 mx ||||| |||| 00| 0 spa d
020 _a968161836X
040 _aDO-SdBNP
_bspa
_cBNPHU
_erda
082 4 _222
100 _aPascual Buxó, José,
_d1931-
_eautor
_986321
245 1 4 _aLas figuraciones del sentido :
_bensayos de poética semiológica /
_cJosé Pascual Buxó
264 _aMéxico :
_bFondo de Cultura Económica,
_c1984.
300 _a270 páginas ;
_c21cm.
336 _2rdacontent
_atexto
_btxt
337 _2rdamedia
_asin mediación
_bn
338 _2rdacarrier
_avolumen
_bnc
590 _aInventariado, 2024/BT
910 _aBtavarez
942 _2ddc
_cLBS1
999 _c57419
_d57419